LEADER 01830oam 2200517 450 001 9910716034503321 005 20210524103943.0 035 $a(CKB)5470000002517762 035 $a(OCoLC)1150919534 035 $a(EXLCZ)995470000002517762 100 $a20200416d1935 ua 0 101 0 $aeng 135 $aurbn||||||||| 181 $ctxt$2rdacontent 182 $cc$2rdamedia 183 $acr$2rdacarrier 200 13$aAn application of the von Ka??rma?n-Millikan laminar boundary-layer theory and comparison with experiment /$fby Albert E. Von Doenhoff 210 1$aWashington, [D.C.] :$cNational Advisory Committee for Aeronautics,$d1935. 215 $a1 online resource (11 pages, 9 unnumbered pages) $cillustrations 225 1 $aTechnical note / National Advisory Committee for Aeronautics ;$vNo. 544 300 $a"October 1935." 300 $aNo Federal Depository Library Program (FDLP) item number. 320 $aIncludes bibliographical references (page 11). 606 $aLaminar boundary layer 606 $aLaminar flow 606 $aAerodynamics 606 $aAerodynamics$2fast 606 $aLaminar boundary layer$2fast 606 $aLaminar flow$2fast 615 0$aLaminar boundary layer. 615 0$aLaminar flow. 615 0$aAerodynamics. 615 7$aAerodynamics. 615 7$aLaminar boundary layer. 615 7$aLaminar flow. 700 $aVon Doenhoff$b Albert E.$01415457 712 02$aUnited States.$bNational Advisory Committee for Aeronautics, 801 0$bTRAAL 801 1$bTRAAL 801 2$bOCLCO 801 2$bOCLCF 801 2$bGPO 906 $aBOOK 912 $a9910716034503321 996 $aAn application of the von Ka??rma?n-Millikan laminar boundary-layer theory and comparison with experiment$93540122 997 $aUNINA LEADER 01887oam 2200529zu 450 001 9910872420303321 005 20241212215243.0 035 $a(CKB)1000000000022007 035 $a(SSID)ssj0000394377 035 $a(PQKBManifestationID)12144075 035 $a(PQKBTitleCode)TC0000394377 035 $a(PQKBWorkID)10424659 035 $a(PQKB)11285579 035 $a(EXLCZ)991000000000022007 100 $a20160829d2002 uy 101 0 $aeng 181 $ctxt 182 $cc 183 $acr 200 10$a2002 3rd International Symposium on Electromagnetic Compatibility : May 21-24, 2002, Beijing, China 210 31$a[Place of publication not identified]$cIEEE$d2002 300 $aBibliographic Level Mode of Issuance: Monograph 311 08$a9780780372771 311 08$a0780372778 606 $aElectromagnetic compatibility$vCongresses 606 $aElectromagnetic interference$vCongresses 606 $aShielding (Electricity)$vCongresses 606 $aElectrical & Computer Engineering$2HILCC 606 $aElectrical Engineering$2HILCC 606 $aEngineering & Applied Sciences$2HILCC 615 0$aElectromagnetic compatibility 615 0$aElectromagnetic interference 615 0$aShielding (Electricity) 615 7$aElectrical & Computer Engineering 615 7$aElectrical Engineering 615 7$aEngineering & Applied Sciences 676 $a621.382/24 702 $aZhang$b Linchang 702 $aWen$b Yinghong 712 02$aIEEE Electromagnetic Compatibility Society 712 02$aInstitute of Electrical and Electronics Engineers 712 12$aInternational Symposium on Electromagnetic Compatibility 801 0$bPQKB 906 $aPROCEEDING 912 $a9910872420303321 996 $a2002 3rd International Symposium on Electromagnetic Compatibility : May 21-24, 2002, Beijing, China$92501178 997 $aUNINA